| 000 | 01298cam a2200421 i 4500 | ||
|---|---|---|---|
| 999 |
_c63858 _d63858 |
||
| 001 | 18288837 | ||
| 003 | CO-MdFUSB | ||
| 005 | 20180622073210.0 | ||
| 008 | 140903t2014 oru b 001 0 eng | ||
| 010 | _a 2014412975 | ||
| 020 | _a1625642539 | ||
| 020 | _a9781625642530 | ||
| 040 |
_aDLC _cCO-MdFUSB _bspa _dCO-MdFUSBC _erda |
||
| 041 | _aeng | ||
| 042 | _apcc | ||
| 082 |
_224 _a227.8407 _bSP745t |
||
| 100 | 1 |
_aSpencer, Aída Besançon. _eautor |
|
| 245 | 1 | 2 |
_a2 Timothy and Titus : _ba new covenant commentary _c/ Aída Besançon Spencer. |
| 246 | 3 | _aSecond Timothy | |
| 246 | 3 | _aTimothy | |
| 246 | 3 | _aTitus | |
| 264 | 4 |
_aEugene, Oregon : _bCascade Books, _c©2014 |
|
| 300 |
_axiii, 169 pages ; _c23 cm. |
||
| 336 |
_atexto _btxt _2rdacontent |
||
| 337 |
_asin mediación _bn _2rdamedia |
||
| 338 |
_avolumen _bnc _2rdacarrier |
||
| 490 | 1 | _aNCCS | |
| 490 | 1 | _aNew covenant commentary series | |
| 504 | _aIncluye bibliografía y referencias (páginas 161-164) e ídices | ||
| 563 | _arústico | ||
| 630 | 0 | 0 |
_aBible. _pTimothy, 2nd _vCommentaries. |
| 630 | 0 | 7 |
_aBiblia. _pTimoteo, 2ª _vComentarios |
| 630 | 0 | 0 |
_aBible. _pTitus _vCommentaries. |
| 830 | 0 | _aNew covenant commentary series. | |
| 942 | _cBK | ||